000 01062nam0a22003491 4500
001 v19\rc\1687635
005 20230116134348.0
035 _a(NLR Aleph) 004792202
090 _a4741057
_c4741057
100 _a20061002d1896 |||y0rusy50 ca
101 0 _arus
102 _aRU
105 _aa z |||||
200 1 _aОхота в Тургайской области
210 _aОренбург
_cТург. стат. ком.
_d1896
215 _a[2], II, [2], 137 с., 7 л. ил.
_d25
300 _aПеред загл. авт. - Я.Я. Полферов
532 1 3 _aОхота в Тургайской области
700 1 _aПолферов
_bЯ. Я.
_f1868-
_gЯков Яковлевич
801 0 _aRU
_bNLR
_gpsbo
801 0 _aRU
_bRuMoRGB
_2psbo
801 1 _aRU
_bProSoft-M
_2rusmarc
852 _aNLR
_j20.86.7.33
852 _aNLR
_j127/1327
899 _aRuMoRGB
_jA 240/261
899 _aRuMoRGB
_jU 255/96
899 _aБАН
899 _aНБ СПбГУ
899 _aНБ МГУ
942 _cBOOK
980 _aNB